Who's That Pokemon? Cosplay edition - Statistics

General Stats
  • This quiz has been taken 172 times
  • The average score is 13 of 15
Answer Stats
Picture Answer % Correct
bulbasaur
98%
charizard
98%
meowth
95%
diglett
91%
umbreon
91%
hitmonlee
90%
sudowoodo
90%
lucario
89%
pidgey
88%
slowpoke
87%
ninetales
86%
venusaur
86%
rayquaza
84%
gyarados
82%
shinx
81%
No matching quizzes found
Score Distribution
Percent of People with Each Score
Percentile by Number Answered
Your Score History
You have not taken this quiz